Statistics for Reverse Group of Things

Click here to take the quiz!

General Stats

  • This quiz has been taken 209 times
  • The average score is 15 of 20

Answer Stats

ListGroup% Correct
Atlantic, Southern, IndianOceans
92%
French, Hebrew, MalayLanguages
90%
Christianity, Islam, BuddhismReligions
90%
Oscars, Emmys, GrammysAwards
88%
Chardonnay, Merlot, ShirazGrape Varieties
88%
McKinley, Everest, BlancMountains
88%
Ronaldo, Beckham, MessiSoccer Players
87%
DeNiro, Pitt, StreepActors
86%
Le Louvre, British, Natural HistoryMuseums
86%
Tokyo, Kyoto, HiroshimaJapanese Cities
79%
Target, Walmart, Macy'sStores
78%
North Dakota, Alabama, New HampshireUS States
76%
Amazon, eBay, YouTubeWebsites
76%
Boer, Vietnam, CrimeanWars
75%
The Big Bang Theory, Game of Thrones, Doctor WhoTV Shows
73%
Francis, Peter, BenedictPopes
72%
Wembley, Madison Square, Nou CampStadiums
72%
Maui, Oahu, KauaiHawaiian Islands
65%
BP, Texaco, ShellOil Companies
62%
Circle, Metropolitan, NorthernUnderground Lines
23%

Score Distribution

Percentile by Number Answered

Percent of People with Each Score

Your Score History

You have not taken this quiz